000 01110nas a2200361 4500
001 BR0604418
003 BR-BrBNA
005 20231205110412.0
007 ta
008 230509b bl.|||p| |||| 00| 00por d
040 _aBR-BrBNA
_bpor
_cBiblioteca Nacional de Agricultura
041 _a(Pt)
072 _aL51
100 1 _aJordão Filho, J.
100 1 _aSilva, J.H.V. da
100 1 _aSilva, E.L. da
100 1 _aRibeiro, M.L.G.
100 1 _aMartins, T.D.D.
100 1 _aRabello, C.B.
245 1 _aExigências nutricionais de metionina+cistina para poedeiras semipesadas do início de produção até o pico de postura
650 _aGALINHA PARA POSTURA
650 _aMETIONINA
650 _aCISTINA
650 _aAMINOÁCIDO
650 _aRAÇÃO
650 _aEXIGÊNCIA NUTRICIONAL
650 _aCOMPOSIÇÃO ALIMENTAR
650 _aCONSUMO
650 _aGANHO DE PESO
773 0 _tRevista Brasileira de Zootecnia (Brazil)
_xISSN 1516-3598
_g(May-Jun 2006), v. 35(3)Suplemento p. 1063-1069
_wBR0604418
909 _a202311
_bLúcia
_c55
_dLúcia Elande
942 _2AGRIS
_n0
_cANA
999 _c187253
_d187253